EPDM formulations for electric wires and cables (Record no. 58700)

MARC details
000 -LEADER
fixed length control field 00524nam a2200193Ia 4500
100 ## - MAIN ENTRY--AUTHOR NAME
Personal name Canaud C
245 #0 - TITLE STATEMENT
Title EPDM formulations for electric wires and cables
260 ## - PUBLICATION, DISTRIBUTION, ETC. (IMPRINT)
Name of publisher Kautschuk Gummi Kunststoffe
Year of publication 2001
300 ## - PHYSICAL DESCRIPTION
Number of Pages 56-60
650 ## - SUBJECT ADDED ENTRY--TOPICAL TERM
Topical Term Aluminium hydroxide
650 ## - SUBJECT ADDED ENTRY--TOPICAL TERM
Topical Term Electrical properties
650 ## - SUBJECT ADDED ENTRY--TOPICAL TERM
Topical Term EPDM compositions
650 ## - SUBJECT ADDED ENTRY--TOPICAL TERM
Topical Term Mechanical properties
700 ## - ADDED ENTRY--PERSONAL NAME
Personal name Antonio Sens M
700 ## - ADDED ENTRY--PERSONAL NAME
Personal name Reis R C
700 ## - ADDED ENTRY--PERSONAL NAME
Personal name Yuan Visconte L L
942 ## - ADDED ENTRY ELEMENTS (KOHA)
Koha item type Journals
Holdings
Withdrawn status Lost status Damaged status Not for loan Home library Current library Shelving location Date acquired Serial Enumeration / chronology Koha item type
      Journals RRII Library RRII Library Rubber chemistry 17/12/2021 Volume 54, Issue 02-Jan Journals